| 000 | 01100nam a22003617a 4500 | ||
|---|---|---|---|
| 001 | 4225235 | ||
| 003 | OSt | ||
| 005 | 20210426063526.0 | ||
| 008 | 821029s1983 nyu 000 1 eng | ||
| 010 | _a 82048733 | ||
| 020 | _a0394530152 | ||
| 040 |
_aDLC _cDLC _dDLC _beng |
||
| 041 | _aeng | ||
| 050 | 0 | 0 |
_aPR6062.E33 _bL5 1983 |
| 080 |
_a821.111 _bC-25 |
||
| 082 | 0 | 0 |
_a823/.914 _219 |
| 100 | 1 |
_aLe Carré, John, _d1931- |
|
| 245 | 1 | 4 |
_aThe little drummer girl / _cJohn Le Carré. _b/ by: Alfred A. Knopf |
| 250 | _a1st edition | ||
| 260 |
_aNew York : _bAlfred A. Knopf _c1983. |
||
| 300 |
_a430 p. _c25 cm. |
||
| 650 | 0 |
_aTerrorism _xPrevention _vFiction. |
|
| 650 | 0 |
_aEnglish literature _9254 |
|
| 650 | 0 |
_aBritish _zMiddle East _vFiction. |
|
| 650 | 0 |
_aIntelligence officers _vFiction. |
|
| 650 | 0 |
_aWomen spies _vFiction. |
|
| 650 | 0 |
_aActresses _vFiction. |
|
| 651 | 0 |
_aMiddle East _vFiction. |
|
| 653 | _aინგლისური ლიტერატურა | ||
| 655 | 7 |
_aSpy stories. _2gsafd |
|
| 906 |
_a7 _bcbc _corignew _d1 _eocip _f19 _gy-gencatlg |
||
| 942 |
_2udc _cBK _e1 |
||
| 999 |
_c1472 _d1472 |
||